[Event "Oberliga Nord W 1112"]
[Site "Germany"]
[Date "2011.12.11"]
[Round "4.4"]
[White "Bogomolow, Sergej"]
[Black "Suhl, Dirk"]
[Result "0-1"]
[WhiteElo "2199"]
[BlackElo "2295"]
[PlyCount "78"]
[EventDate "2011.10.02"]
[EventType "team-tourn"]
[EventRounds "9"]
[EventCountry "GER"]
[SourceTitle "EXT 2013"]
[Source "ChessBase"]
[SourceDate "2012.11.22"]
[SourceVersion "1"]
[SourceVersionDate "2012.11.22"]
[SourceQuality "1"]
[WhiteTeam "Uelzen Post"]
[BlackTeam "Braunschweig Gliesmarode"]
[WhiteTeamCountry "GER"]
[BlackTeamCountry "GER"]

1. e4 c5 2. Nf3 e6 3. b3 b6 4. d4 cxd4 5. Nxd4 Bb7 6. Nb5 Bxe4 7. N1c3 Bb7 8. Bf4 Na6 9. Bd6 Nh6 10. Bd3 Be7 11. 0-0 0-0 12. Bxe7 Qxe7 13. Nd6 Nc5 14. Bc4 Bc6 15. Re1 Nb7 16. Ndb5 Qg5 17. Bf1 d5 18. Qd4 Rfc8 19. f4 Qh4 20. Qd2 Nf5 21. Rad1 Qe7 22. Kh1 Nbd6 23. a4 Ne4 24. Nxe4 dxe4 25. Nd4 Bb7 26. c4 Rd8 27. Nxf5 exf5 28. Qe3 Qc5 29. Qc3 a5 30. Rc1 Rd4 31. Re3 Rad8 32. Rce1 Qd6 33. g3 Rd2 34. Bg2 Qd4 35. Qc1 Qb2 36. Qxb2 Rxb2 37. Rc3 Rdd2 38. Bf1 Rxh2+ 39. Kg1 e3 0-1

[Event "Oberliga Nord W 1112"]
[Site "Germany"]
[Date "2011.11.20"]
[Round "3.4"]
[White "Suhl, Dirk"]
[Black "Hummel, Dirk"]
[Result "1/2-1/2"]
[WhiteElo "2295"]
[BlackElo "2269"]
[PlyCount "127"]
[EventDate "2011.10.02"]
[EventType "team-tourn"]
[EventRounds "9"]
[EventCountry "GER"]
[SourceTitle "EXT 2013"]
[Source "ChessBase"]
[SourceDate "2012.11.22"]
[SourceVersion "1"]
[SourceVersionDate "2012.11.22"]
[SourceQuality "1"]
[WhiteTeam "Braunschweig Gliesmarode"]
[BlackTeam "Hannover"]
[WhiteTeamCountry "GER"]
[BlackTeamCountry "GER"]

1. d4 Nf6 2. c4 e6 3. Nf3 d5 4. Nc3 Nbd7 5. Bg5 Be7 6. e3 0-0 7. Qc2 c5 8. Rd1 Qa5 9. cxd5 Nxd5 10. Bxe7 Nxe7 11. Bd3 Nf6 12. 0-0 cxd4 13. Nxd4 e5 14. Nb3 Qc7 15. Ne4 Qxc2 16. Nxf6+ gxf6 17. Bxc2 Be6 18. Be4 Rac8 19. Rc1 b6 20. Bb7 Rxc1 21. Rxc1 Rd8 22. Kf1 a5 23. Ke1 Kf8 24. Nd2 Bxa2 25. b3 Rd7 26. Be4 a4 27. bxa4 Ra7 28. Ra1 Be6 29. Bxh7 f5 30. e4 f4 31. Nf3 Ra5 32. Rb1 Kg7 33. Bf5 Nxf5 34. exf5 Bxf5 35. Rxb6 Rxa4 36. Rd6 Bg4 37. h3 Bh5 38. Rc6 e4 39. Nh4 Ra1+ 40. Kd2 Rd1+ 41. Kc2 Rf1 42. f3 Rf2+ 43. Kc3 exf3 44. gxf3 Bxf3 45. Nxf3 Rxf3+ 46. Kd4 Rxh3 47. Ke4 f3 48. Ke3 Rh6 49. Rc2 Rf6 50. Kf2 Kg6 51. Rc5 Rf5 52. Rc8 Kg5 53. Rc4 Rf4 54. Rc8 Rf6 55. Rc4 Rf5 56. Ra4 Rf4 57. Ra8 Kf5 58. Rb8 Ra4 59. Kxf3 Ra3+ 60. Kf2 Kg4 61. Rb4+ Kg5 62. Rc4 f5 63. Rb4 f4 64. Rb5+ 1/2-1/2

[Event "Oberliga Nord W 1112"]
[Site "Germany"]
[Date "2011.10.23"]
[Round "2.3"]
[White "Suhl, Dirk"]
[Black "Ten Vergert, Paul"]
[Result "1/2-1/2"]
[WhiteElo "2295"]
[BlackElo "2194"]
[PlyCount "31"]
[EventDate "2011.10.02"]
[EventType "team-tourn"]
[EventRounds "9"]
[EventCountry "GER"]
[SourceTitle "EXT 2013"]
[Source "ChessBase"]
[SourceDate "2012.11.22"]
[SourceVersion "1"]
[SourceVersionDate "2012.11.22"]
[SourceQuality "1"]
[WhiteTeam "Braunschweig Gliesmarode"]
[BlackTeam "Nordhorn Blanke"]
[WhiteTeamCountry "GER"]
[BlackTeamCountry "GER"]

1. d4 Nf6 2. Nf3 c5 3. d5 d6 4. Nc3 g6 5. e4 Bg7 6. Bb5+ Bd7 7. a4 0-0 8. 0-0 a6 9. Be2 e5 10. Nd2 Ne8 11. Nc4 b6 12. f4 f6 13. Ra3 Ra7 14. Rb3 Rb7 15. Na5 Ra7 16. Nc4 1/2-1/2

[Event "Berlin-ch MK"]
[Site "Berlin"]
[Date "2002.04.01"]
[Round "4"]
[White "Suhl, Dirk"]
[Black "Schlemermeyer, Wilhelm"]
[Result "1/2-1/2"]
[WhiteElo "2322"]
[BlackElo "2299"]
[PlyCount "36"]
[EventDate "2002.03.29"]
[EventType "swiss"]
[EventRounds "9"]
[EventCountry "GER"]
[SourceTitle "EXT 2008"]
[Source "ChessBase"]
[SourceDate "2007.11.25"]
[SourceVersion "1"]
[SourceVersionDate "2007.11.25"]
[SourceQuality "1"]

1. d4 d5 2. Nf3 Nf6 3. c4 c6 4. Nc3 dxc4 5. a4 Bf5 6. Ne5 e6 7. f3 Bb4 8. e4 Bxe4 9. fxe4 Nxe4 10. Bd2 Qxd4 11. Nxe4 Qxe4+ 12. Qe2 Bxd2+ 13. Kxd2 Qd5+ 14. Kc2 Na6 15. Nxc4 0-0 16. Qe5 Rab8 17. Rd1 Nb4+ 18. Kc1 Na2+ 1/2-1/2

[Event "Oberliga Nord O 0102"]
[Site "Germany"]
[Date "2002.03.17"]
[Round "7.1"]
[White "Suhl, Dirk"]
[Black "Zierke, Oliver"]
[Result "1/2-1/2"]
[WhiteElo "2320"]
[BlackElo "2275"]
[PlyCount "42"]
[EventDate "2001.10.07"]
[EventType "team"]
[EventRounds "9"]
[EventCountry "GER"]
[SourceTitle "EXT 2002"]
[Source "ChessBase"]
[SourceDate "2001.11.25"]
[SourceVersion "1"]
[SourceVersionDate "2001.11.25"]
[SourceQuality "1"]
[WhiteTeam "Rehberge"]
[BlackTeam "Koenig Tegel II"]
[WhiteTeamCountry "GER"]
[BlackTeamCountry "GER"]

1. d4 Nf6 2. Nf3 e6 3. g3 b5 4. Qd3 a6 5. Bg5 Bb7 6. Nbd2 c5 7. c3 cxd4 8. cxd4 Nc6 9. a3 h6 10. Bxf6 Qxf6 11. Rc1 g5 12. h3 Nxd4 13. Nxd4 Bxh1 14. f3 Bg7 15. e3 0-0 16. Kf2 d5 17. Be2 e5 18. Rc6 Qd8 19. Nf5 e4 20. Qc2 Qd7 21. g4 Bxf3 1/2-1/2

[Event "Oberliga Nord O 0001"]
[Site "Germany"]
[Date "2001.??.??"]
[Round "?"]
[White "Barth, Rainer"]
[Black "Suhl, Dirk"]
[Result "1/2-1/2"]
[WhiteElo "2285"]
[BlackElo "2325"]
[PlyCount "84"]
[EventDate "2000.10.??"]
[EventType "team"]
[EventRounds "9"]
[EventCountry "GER"]
[SourceTitle "EXT 2004"]
[Source "ChessBase"]
[SourceDate "2003.11.25"]
[SourceVersion "1"]
[SourceVersionDate "2003.11.25"]
[SourceQuality "1"]

1. d4 Nf6 2. c4 g6 3. Nc3 d5 4. Nf3 Bg7 5. cxd5 Nxd5 6. Bd2 0-0 7. Rc1 Nb6 8. Bg5 h6 9. Bh4 c6 10. e3 N8d7 11. Be2 Qe8 12. Ne4 Kh8 13. Qb3 Nd5 14. 0-0 f5 15. Nc5 Nxc5 16. Rxc5 g5 17. Bg3 f4 18. exf4 Nxf4 19. Bd1 b6 20. Rc3 Be6 21. Qc2 Bd5 22. Re3 Nxg2 23. Kxg2 g4 24. Qd3 Qh5 25. Kg1 gxf3 26. Bc2 Bg8 27. Rfe1 Rad8 28. Rxe7 Rxd4 29. Qg6 Qxg6 30. Bxg6 Rfd8 31. Be4 Bf6 32. Bxf3 Bxa2 33. Rxa7 Bd5 34. Bxd5 R4xd5 35. Kg2 R5d7 36. Ra6 Bd4 37. Be5+ Bxe5 38. Rxe5 Rg8+ 39. Kf3 Rf8+ 40. Ke2 Rdf7 41. Rxb6 Rxf2+ 42. Ke3 Rxh2 1/2-1/2

[Event "GER-ch 71st"]
[Site "Altenkirchen"]
[Date "1999.11.20"]
[Round "9"]
[White "Suhl, Dirk"]
[Black "Bastian, Herbert"]
[Result "1-0"]
[WhiteElo "2360"]
[BlackElo "2405"]
[PlyCount "43"]
[EventDate "1999.11.12"]
[EventType "swiss"]
[EventRounds "9"]
[EventCountry "GER"]
[SourceTitle "CBM 074"]
[Source "ChessBase"]
[SourceDate "2000.02.01"]
[SourceVersion "1"]
[SourceVersionDate "2000.02.01"]
[SourceQuality "1"]

1. Nf3 Nf6 2. c4 g6 3. Nc3 Bg7 4. e4 0-0 5. d4 d6 6. Be2 Na6 7. 0-0 c5 8. Be3 Ng4 9. Bg5 h6 10. Bh4 cxd4 11. Nxd4 Ne5 12. Qd2 Nc5 13. Rad1 Bd7 14. Nc2 Rc8 15. f4 Nc6 16. Bf3 a5 17. b3 f5 18. e5 g5 19. fxg5 hxg5 20. Qxg5 Nxe5 21. Nd5 e6 22. Ne7+ 1-0

[Event "GER-ch 71st"]
[Site "Altenkirchen"]
[Date "1999.11.17"]
[Round "6"]
[White "Kaster, Martin"]
[Black "Suhl, Dirk"]
[Result "1/2-1/2"]
[WhiteElo "2072"]
[BlackElo "2360"]
[PlyCount "58"]
[EventDate "1999.11.12"]
[EventType "swiss"]
[EventRounds "9"]
[EventCountry "GER"]
[SourceTitle "CBM 074"]
[Source "ChessBase"]
[SourceDate "2000.02.01"]
[SourceVersion "1"]
[SourceVersionDate "2000.02.01"]
[SourceQuality "1"]

1. d4 Nf6 2. Nf3 g6 3. c4 Bg7 4. Nc3 d5 5. cxd5 Nxd5 6. e3 0-0 7. Qb3 Nb6 8. Be2 Be6 9. Qc2 Nc6 10. 0-0 Nb4 11. Qd1 c5 12. dxc5 Qxd1 13. Rxd1 Nd7 14. Nd4 Nxc5 15. Nxe6 Nxe6 16. a3 Nc6 17. Bd2 Rfd8 18. Na4 Rd7 19. Bc3 Rxd1+ 20. Rxd1 Bxc3 21. Nxc3 Rd8 22. Rxd8+ Nexd8 23. b4 Kf8 24. Kf1 e6 25. Ke1 Ke7 26. Kd2 a5 27. b5 Ne5 28. Na4 Kd6 29. Kc3 Nd7 1/2-1/2

[Event "GER-ch 71st"]
[Site "Altenkirchen"]
[Date "1999.11.16"]
[Round "5"]
[White "Suhl, Dirk"]
[Black "Bruch, Jochen"]
[Result "1/2-1/2"]
[WhiteElo "2360"]
[BlackElo "2320"]
[PlyCount "39"]
[EventDate "1999.11.12"]
[EventType "swiss"]
[EventRounds "9"]
[EventCountry "GER"]
[SourceTitle "CBM 074"]
[Source "ChessBase"]
[SourceDate "2000.02.01"]
[SourceVersion "1"]
[SourceVersionDate "2000.02.01"]
[SourceQuality "1"]

1. d4 Nf6 2. Nf3 e6 3. g3 c5 4. Bg2 Be7 5. 0-0 0-0 6. c4 cxd4 7. Nxd4 a6 8. Nc3 Qc7 9. Qd3 d6 10. b3 Bd7 11. Bb2 Nc6 12. Rac1 Qb6 13. e3 Rac8 14. Rfd1 Rfd8 15. Qe2 Be8 16. Ne4 Nxe4 17. Bxe4 Bf8 18. Bb1 g6 19. Nf3 Bg7 20. Bxg7 1/2-1/2

[Event "GER-ch 71st"]
[Site "Altenkirchen"]
[Date "1999.11.15"]
[Round "4"]
[White "Walter, Guenter"]
[Black "Suhl, Dirk"]
[Result "1/2-1/2"]
[WhiteElo "2305"]
[BlackElo "2360"]
[PlyCount "42"]
[EventDate "1999.11.12"]
[EventType "swiss"]
[EventRounds "9"]
[EventCountry "GER"]
[SourceTitle "CBM 074"]
[Source "ChessBase"]
[SourceDate "2000.02.01"]
[SourceVersion "1"]
[SourceVersionDate "2000.02.01"]
[SourceQuality "1"]

1. d4 Nf6 2. c4 g6 3. Nc3 d5 4. cxd5 Nxd5 5. Bd2 Nb6 6. Bg5 Bg7 7. e3 0-0 8. Nf3 N8d7 9. Be2 c6 10. 0-0 h6 11. Bh4 Qe8 12. a4 a5 13. Qb3 Qd8 14. Qa3 Nf6 15. b4 axb4 16. Qxb4 Nbd5 17. Nxd5 Nxd5 18. Qb3 Ra7 19. Bc4 Be6 20. Bg3 Qa5 21. h3 Rfa8 1/2-1/2

[Event "GER-ch 71st"]
[Site "Altenkirchen"]
[Date "1999.11.14"]
[Round "3"]
[White "Suhl, Dirk"]
[Black "Riegler, Dieter"]
[Result "1/2-1/2"]
[WhiteElo "2360"]
[BlackElo "2194"]
[PlyCount "58"]
[EventDate "1999.11.12"]
[EventType "swiss"]
[EventRounds "9"]
[EventCountry "GER"]
[SourceTitle "CBM 074"]
[Source "ChessBase"]
[SourceDate "2000.02.01"]
[SourceVersion "1"]
[SourceVersionDate "2000.02.01"]
[SourceQuality "1"]

1. Nf3 Nf6 2. c4 g6 3. Nc3 Bg7 4. e4 d6 5. d4 0-0 6. Be2 e5 7. 0-0 Na6 8. Be3 Ng4 9. Bg5 Qe8 10. dxe5 dxe5 11. h3 h6 12. Bd2 Nf6 13. Be3 Qe7 14. Nd5 Qd8 15. Qb1 Nd7 16. b4 c6 17. Nc3 f5 18. Rd1 Qe7 19. a3 f4 20. Bc1 Nc7 21. c5 g5 22. Ra2 h5 23. Nd2 Nf6 24. Nc4 Ne6 25. Nxe5 Qc7 26. Nc4 g4 27. hxg4 Nxg4 28. Bxg4 hxg4 29. e5 Qf7 1/2-1/2

[Event "GER-ch 71st"]
[Site "Altenkirchen"]
[Date "1999.11.13"]
[Round "2"]
[White "Dautov, Rustem"]
[Black "Suhl, Dirk"]
[Result "1-0"]
[WhiteElo "2597"]
[BlackElo "2360"]
[PlyCount "37"]
[EventDate "1999.11.12"]
[EventType "swiss"]
[EventRounds "9"]
[EventCountry "GER"]
[SourceTitle "CBM 074"]
[Source "ChessBase"]
[SourceDate "2000.02.01"]
[SourceVersion "1"]
[SourceVersionDate "2000.02.01"]
[SourceQuality "1"]

1. d4 Nf6 2. c4 g6 3. g3 Bg7 4. Bg2 0-0 5. Nc3 Nc6 6. e3 a6 7. Nge2 Rb8 8. 0-0 b5 9. c5 e6 10. e4 b4 11. Na4 a5 12. b3 Ba6 13. Bb2 e5 14. dxe5 Ng4 15. h3 Ngxe5 16. f4 Nd3 17. Bxg7 Kxg7 18. Rf3 Qf6 19. Rb1 1-0

[Event "GER-ch 71st"]
[Site "Altenkirchen"]
[Date "1999.11.12"]
[Round "1"]
[White "Suhl, Dirk"]
[Black "Jussupow, Artur"]
[Result "1/2-1/2"]
[WhiteElo "2360"]
[BlackElo "2636"]
[PlyCount "71"]
[EventDate "1999.11.12"]
[EventType "swiss"]
[EventRounds "9"]
[EventCountry "GER"]
[SourceTitle "CBM 074"]
[Source "ChessBase"]
[SourceDate "2000.02.01"]
[SourceVersion "1"]
[SourceVersionDate "2000.02.01"]
[SourceQuality "1"]

1. Nf3 d5 2. d4 Nf6 3. c4 e6 4. Nc3 Nbd7 5. Bg5 c6 6. e3 Qa5 7. Nd2 dxc4 8. Bxf6 Nxf6 9. Nxc4 Qc7 10. g3 Be7 11. Bg2 0-0 12. Rc1 Rd8 13. Qb3 Bd7 14. 0-0 Be8 15. Rfd1 Nd5 16. Ne4 b6 17. a3 Rac8 18. Rd2 f6 19. Rdc2 Qd7 20. Ncd2 Rc7 21. Bh3 Bf7 22. Qa4 f5 23. Nc3 c5 24. Qa6 Nxc3 25. Rxc3 e5 26. Nf3 exd4 27. Nxd4 g6 28. Nb5 Rcc8 29. Bf1 c4 30. Qxa7 Qxb5 31. Qxe7 Qxb2 32. Bxc4 Bxc4 33. Rxc4 Qxc1+ 34. Rxc1 Rxc1+ 35. Kg2 Rd2 36. Qe8+ 1/2-1/2

[Event "Berlin-ch op"]
[Site "Berlin"]
[Date "1999.??.??"]
[Round "7"]
[White "Muse, Drazen"]
[Black "Suhl, Dirk"]
[Result "0-1"]
[WhiteElo "2350"]
[BlackElo "2320"]
[PlyCount "86"]
[EventDate "1999.??.??"]
[EventType "swiss"]
[EventRounds "9"]
[EventCountry "GER"]
[SourceTitle "EXT 2002"]
[Source "ChessBase"]
[SourceDate "2001.11.25"]
[SourceVersion "1"]
[SourceVersionDate "2001.11.25"]
[SourceQuality "1"]

1. Nf3 c5 2. g3 Nc6 3. Bg2 g6 4. 0-0 Bg7 5. c3 e5 6. d3 Nge7 7. Nbd2 0-0 8. e4 d6 9. a3 h6 10. b4 Be6 11. Bb2 b6 12. Re1 Qd7 13. Rb1 Ba2 14. Rc1 Be6 15. Nc4 b5 16. Ne3 a5 17. a4 Rfb8 18. bxc5 bxa4 19. Ba3 Rb3 20. cxd6 Rxa3 21. dxe7 Bb3 22. Qe2 Ra2 23. Qf1 Nxe7 24. c4 Rb8 25. Nd5 Rb2 26. Ra1 Nxd5 27. exd5 Qd6 28. Rec1 Qc5 29. Qe1 a3 30. Qe3 Qxe3 31. fxe3 a2 32. Ne1 Bf8 33. c5 h5 34. Kf1 Bh6 35. c6 Bxe3 36. c7 Rc8 37. d6 Rf2+ 38. Kg1 Rf6+ 39. Kh1 Rxd6 40. Rc3 a4 41. Nc2 Bb6 42. Bh3 f5 43. Rf1 Rxc7 0-1

[Event "Berlin-ch op"]
[Site "Berlin"]
[Date "1999.??.??"]
[Round "6"]
[White "Poppner, Dietmar"]
[Black "Suhl, Dirk"]
[Result "0-1"]
[WhiteElo "2125"]
[BlackElo "2320"]
[PlyCount "83"]
[EventDate "1999.??.??"]
[EventType "swiss"]
[EventRounds "9"]
[EventCountry "GER"]
[SourceTitle "EXT 2002"]
[Source "ChessBase"]
[SourceDate "2001.11.25"]
[SourceVersion "1"]
[SourceVersionDate "2001.11.25"]
[SourceQuality "1"]

1. e4 c5 2. g3 g6 3. Bg2 Bg7 4. d3 Nc6 5. f4 d6 6. c3 e5 7. Nf3 Nge7 8. Be3 b6 9. 0-0 0-0 10. h3 d5 11. Nxe5 Nxe5 12. fxe5 dxe4 13. Bf4 Nd5 14. dxe4 Nxf4 15. gxf4 Ba6 16. Qxd8 Raxd8 17. Re1 Bh6 18. f5 Bf4 19. e6 fxe6 20. fxe6 Rfe8 21. Na3 Bd2 22. Bf1 Bxe1 23. Bxa6 Bh4 24. Bc4 Kg7 25. Bd5 Rf8 26. Nc4 Rf3 27. Rf1 Rdf8 28. Rxf3 Rxf3 29. Ne5 Rxh3 30. Nc6 Kf8 31. Nxa7 Rd3 32. Nc8 Bd8 33. a4 Rd1+ 34. Kf2 Rd2+ 35. Ke3 Rxb2 36. Kf4 Bf6 37. e5 Bd8 38. Nd6 Rc2 39. Ne4 Rc1 40. Nf6 Rf1+ 41. Kg5 Kg7 42. Bc4 0-1

[Event "Berlin-ch op"]
[Site "Berlin"]
[Date "1999.??.??"]
[Round "8"]
[White "Suhl, Dirk"]
[Black "Lueders, Gerhard"]
[Result "1-0"]
[WhiteElo "2320"]
[BlackElo "2261"]
[PlyCount "97"]
[EventDate "1999.??.??"]
[EventType "swiss"]
[EventRounds "9"]
[EventCountry "GER"]
[SourceTitle "EXT 2002"]
[Source "ChessBase"]
[SourceDate "2001.11.25"]
[SourceVersion "1"]
[SourceVersionDate "2001.11.25"]
[SourceQuality "1"]

1. Nf3 Nf6 2. c4 c5 3. Nc3 g6 4. d4 cxd4 5. Nxd4 Bg7 6. e4 0-0 7. Be2 d6 8. 0-0 Nc6 9. Be3 Bd7 10. Qd2 Rc8 11. f3 b6 12. Rfd1 Re8 13. Rac1 Qc7 14. Bf1 Qb7 15. Nde2 Ne5 16. b3 Bc6 17. Bg5 Nh5 18. Nd4 Bd7 19. Nd5 f6 20. Be3 e6 21. Nc3 Bf8 22. Be2 Ng7 23. f4 Nf7 24. Bf3 Qb8 25. Bf2 Rcd8 26. Kh1 Be7 27. Nc2 Bc6 28. Re1 Bb7 29. Rcd1 Rd7 30. a4 Red8 31. Ra1 Ba8 32. Ne3 d5 33. exd5 Qxf4 34. Bg3 Qh6 35. Qf2 Bc5 36. Ne4 Bd4 37. Rad1 exd5 38. cxd5 Bxe3 39. Nxf6+ Kh8 40. Rxe3 Nf5 41. Ree1 Nxg3+ 42. Qxg3 Rd6 43. Ne8 Qf8 44. Nxd6 Nxd6 45. Qe5+ Kg8 46. Bg4 h5 47. Be6+ Kh7 48. Rf1 Qe7 49. Bg8+ 1-0

[Event "Kreuzberg Elo op"]
[Site "Berlin"]
[Date "1999.??.??"]
[Round "3"]
[White "Suhl, Dirk"]
[Black "Sondermann, Johannes"]
[Result "1-0"]
[WhiteElo "2320"]
[BlackElo "2030"]
[PlyCount "49"]
[EventDate "1999.??.??"]
[EventType "swiss"]
[EventRounds "9"]
[EventCountry "GER"]
[SourceTitle "EXT 2002"]
[Source "ChessBase"]
[SourceDate "2001.11.25"]
[SourceVersion "1"]
[SourceVersionDate "2001.11.25"]
[SourceQuality "1"]

1. d4 Nf6 2. Nf3 c5 3. d5 e6 4. Nc3 d6 5. e4 e5 6. Be2 g6 7. 0-0 Bg7 8. a4 0-0 9. Nd2 b6 10. Ra3 Qe7 11. a5 bxa5 12. Nc4 Ba6 13. Nxa5 Bc8 14. Bg5 h6 15. Bh4 a6 16. Kh1 Qc7 17. Qd2 Kh7 18. Rfa1 Ng8 19. f3 Bf6 20. Bxf6 Nxf6 21. f4 exf4 22. Qxf4 Qe7 23. Nc4 Rd8 24. Nb6 g5 25. Nxc8 1-0

[Event "Berlin-ch"]
[Site "Berlin"]
[Date "1997.03.25"]
[Round "4"]
[White "Suhl, Dirk"]
[Black "Moehring, Guenther"]
[Result "1/2-1/2"]
[WhiteElo "2300"]
[BlackElo "2300"]
[PlyCount "51"]
[EventDate "1997.03.22"]
[EventType "swiss"]
[EventRounds "9"]
[EventCountry "GER"]
[SourceTitle "EXT 2001"]
[Source "ChessBase"]
[SourceDate "2000.11.22"]
[SourceVersion "1"]
[SourceVersionDate "2000.11.22"]
[SourceQuality "1"]

1. Nf3 Nf6 2. d4 d6 3. Nc3 Bf5 4. Nh4 Bd7 5. e4 e5 6. Nf3 Nc6 7. h3 exd4 8. Nxd4 Nxe4 9. Nxe4 Qe7 10. f3 d5 11. Nb5 dxe4 12. Nxc7+ Kd8 13. Nxa8 exf3+ 14. Kf2 Qh4+ 15. g3 Bc5+ 16. Kxf3 Nd4+ 17. Kg2 Qe4+ 18. Kh2 Nf3+ 19. Kg2 Nd4+ 20. Kh2 Nf3+ 21. Kg2 Ne1+ 22. Kh2 Re8 23. Bf4 Nf3+ 24. Kg2 Nd4+ 25. Kh2 Nf3+ 26. Kg2 1/2-1/2

[Event "Berlin-ch"]
[Site "Berlin"]
[Date "1997.03.23"]
[Round "2"]
[White "Suhl, Dirk"]
[Black "Zoeller, Ralf"]
[Result "0-1"]
[WhiteElo "2300"]
[BlackElo "2113"]
[PlyCount "74"]
[EventDate "1997.03.22"]
[EventType "swiss"]
[EventRounds "9"]
[EventCountry "GER"]
[SourceTitle "EXT 2001"]
[Source "ChessBase"]
[SourceDate "2000.11.22"]
[SourceVersion "1"]
[SourceVersionDate "2000.11.22"]
[SourceQuality "1"]

1. d4 Nf6 2. Nf3 d5 3. c4 e6 4. Nc3 c6 5. Bg5 Nbd7 6. e3 Qa5 7. Nd2 Bb4 8. Qc2 Ne4 9. Ndxe4 dxe4 10. Bh4 0-0 11. Be2 e5 12. 0-0 f5 13. c5 Bxc3 14. bxc3 Nf6 15. Bg3 Nd7 16. Bc4+ Kh8 17. Bh4 Nf6 18. f3 Nd5 19. Bxd5 cxd5 20. fxe4 dxe4 21. Qxe4 Qxc3 22. Qxe5 Bd7 23. Bg5 Bc6 24. Qg3 Rae8 25. Rad1 Be4 26. Rf4 Qc2 27. Rdf1 Re6 28. Qf2 Qc4 29. Rh4 Bd3 30. Re1 Rg6 31. Be7 Re8 32. Bd6 Be4 33. Bg3 Ra6 34. Re2 Bd3 35. Rd2 g5 36. Rh5 f4 37. Rxg5 fxg3 0-1

[Event "Berlin-ch"]
[Site "Berlin"]
[Date "1997.03.22"]
[Round "1"]
[White "Kiesekamp, Marcos"]
[Black "Suhl, Dirk"]
[Result "1-0"]
[WhiteElo "2170"]
[BlackElo "2300"]
[PlyCount "118"]
[EventDate "1997.03.22"]
[EventType "swiss"]
[EventRounds "9"]
[EventCountry "GER"]
[SourceTitle "EXT 2001"]
[Source "ChessBase"]
[SourceDate "2000.11.22"]
[SourceVersion "1"]
[SourceVersionDate "2000.11.22"]
[SourceQuality "1"]

1. d4 Nf6 2. c4 g6 3. Nc3 d5 4. cxd5 Nxd5 5. e4 Nxc3 6. bxc3 Bg7 7. Bb5+ Bd7 8. Bc4 c5 9. Ne2 0-0 10. Be3 Nc6 11. 0-0 Qc7 12. Nf4 Rad8 13. Rb1 cxd4 14. Nd5 Qa5 15. Rb5 Qa3 16. cxd4 Nxd4 17. Bxd4 Bxb5 18. Bxb5 e6 19. Bxg7 Kxg7 20. Qa1+ f6 21. Nf4 Qd6 22. Qc1 g5 23. Nh5+ Kg6 24. Be2 Qd2 25. Ng3 Qxc1 26. Rxc1 Rc8 27. Rb1 Rc7 28. Bh5+ Kg7 29. Bg4 Kf7 30. h3 Rfc8 31. Ne2 b6 32. Rd1 Ke7 33. Kf1 Rc2 34. Nd4 Rc1 35. Rxc1 Rxc1+ 36. Ke2 Ra1 37. Bxe6 Kd6 38. Bb3 Kc5 39. Nc2 Rc1 40. Ne3 Kd4 41. Kd2 Rg1 42. f3 b5 43. Bd1 a5 44. Be2 Rb1 45. Nd1 Ra1 46. Ne3 Kc5 47. Nc2 Rg1 48. Ne1 Kb4 49. Bd3 h5 50. Ke2 h4 51. Kf2 Rh1 52. Bf1 Ka3 53. Bxb5 Kxa2 54. Nc2 Rb1 55. Bc4+ Kb2 56. Ne3 a4 57. Nd5 Rc1 58. Ne3 a3 59. Bd5 a2 1-0

[Event "Dresden op 06th"]
[Site "Dresden"]
[Date "1997.??.??"]
[Round "6"]
[White "Chekhov, Valery A"]
[Black "Suhl, Dirk"]
[Result "1-0"]
[WhiteElo "2530"]
[BlackElo "2320"]
[PlyCount "103"]
[EventDate "1997.07.??"]
[EventType "swiss"]
[EventRounds "9"]
[EventCountry "GER"]
[SourceTitle "EXT 1998"]
[Source "ChessBase"]
[SourceDate "1997.11.17"]
[SourceVersion "1"]
[SourceVersionDate "1997.11.17"]
[SourceQuality "1"]

1. d4 Nf6 2. c4 g6 3. Nc3 d5 4. cxd5 Nxd5 5. e4 Nxc3 6. bxc3 Bg7 7. Bb5+ Bd7 8. Rb1 c5 9. Nf3 0-0 10. 0-0 Bg4 11. Be2 cxd4 12. cxd4 Bxf3 13. Bxf3 Qxd4 14. Qxd4 Bxd4 15. Rxb7 Nc6 16. Rd1 Rab8 17. Rc7 Rfc8 18. Rxc8+ Rxc8 19. Ba3 Bb6 20. Rc1 Rc7 21. Kf1 Kf8 22. Bd1 Ne5 23. Rxc7 Bxc7 24. Ke2 Nc4 25. Bc1 Be5 26. f4 Bc7 27. Kd3 Nb6 28. a4 Ke8 29. Bd2 e5 30. g3 exf4 31. gxf4 g5 32. fxg5 Bxh2 33. a5 Nd7 34. Kd4 Kd8 35. Kd5 Bg1 36. Bh5 f6 37. Bg4 fxg5 38. Bxg5+ Kc7 39. e5 Nxe5 40. Kxe5 Bf2 41. Bd2 Kc6 42. Ke4 Kc5 43. Kd3 Bd4 44. Kc2 Bf2 45. Kb3 Bg1 46. Ka4 Kc6 47. Bh6 Bh2 48. Bf5 Kc7 49. Bxh7 Kb8 50. Kb5 Bg1 51. Bf4+ Kc8 52. Ka6 1-0

[Event "Dresden op 06th"]
[Site "Dresden"]
[Date "1997.??.??"]
[Round "2"]
[White "Goerke, Tino"]
[Black "Suhl, Dirk"]
[Result "1/2-1/2"]
[WhiteElo "2075"]
[BlackElo "2320"]
[PlyCount "34"]
[EventDate "1997.07.??"]
[EventType "swiss"]
[EventRounds "9"]
[EventCountry "GER"]
[SourceTitle "EXT 1998"]
[Source "ChessBase"]
[SourceDate "1997.11.17"]
[SourceVersion "1"]
[SourceVersionDate "1997.11.17"]
[SourceQuality "1"]

1. d4 Nf6 2. Nf3 g6 3. c4 Bg7 4. Nc3 d5 5. Bg5 Ne4 6. Bf4 Nxc3 7. bxc3 c5 8. cxd5 Qxd5 9. e3 cxd4 10. cxd4 Nc6 11. Qa4 0-0 12. Bc4 Qf5 13. 0-0 Nxd4 14. Nxd4 Bxd4 15. Bxf7+ Rxf7 16. Qxd4 Bd7 17. Rfd1 Bc6 1/2-1/2